=LDR 00000nam 2200000 4500 =001 NUTBA000000000004081 =005 20140902121526.0 =006 =007 =008 =020 ##$$a 978-979-29-2475-6 =035 ##$$a 0010-091400000000114 =040 ##$$a NBPDMAT =090 ##$$a 736.982 $b Geo m =100 ##$$a Georgius Han =245 ##$$a Mythorigami step by step/ $c eorgius Han; editor, Benedicta Rini W =260 ##$$a Yogyakarta : $b Andi, $c 2011 =300 ##$$a xii, 85 hlm. : $b ilus. ; $c 19 cm. =650 ##$$a Origami =700 ##$$a Benedicta Rini W =850 ##$$a NBPDMAT =990 ##$$a 21408482